[Event "81st ARM-ch 2021"]
[Site "Yerevan"]
[Date "2021.02.25"]
[Round "9.3"]
[White "Pashikian, Arman"]
[Black "Sargsyan, Shant"]
[Result "1/2-1/2"]
[WhiteElo "2606"]
[BlackElo "2596"]
[Annotator "TA"]
[PlyCount "70"]
[EventDate "2021.02.16"]
[EventType "tourn"]
[EventCountry "ARM"]
[SourceTitle "playchess.com"]
[Source "ChessBase"]
[SourceQuality "1"]

{[%evp 13,70,32,45,26,29,23,12,0,0,0,0,0,0,0,0,0,0,0,0,-6,0,0,0,0,0,0,-15,-14,0,-2,-2,-26,-28,-8,-8,-72,-60,-58,-49,-221,-227,-231,-204,-211,-98,-249,-248,-253,-71,-58,0,-755,0,0,0,0,0,0,0]} 1. d4 Nf6 2. c4 e6 3. g3 d5 4. Bg2 dxc4 5. Nf3 a6 6. O-O Nc6 7. e3 Rb8 8. Qe2 {E04: Open Catalan: 5 Nf3.} b5 9. b3 cxb3 10. axb3 Bb7 11. Bd2 Bd6 12. Rc1 O-O 13. Ne1 Qd7 14. Nd3 Rfe8 15. f4 Nd5 16. Nc3 {[#]} Ndb4 $146 ({Predecessor:} 16... Ncb4 17. Nxb4 Nxb4 18. Bxb7 Rxb7 19. Ne4 Nd5 20. Rxa6 {½-½ (20) Berczes,D (2472)-Molner,M (2509) Budapest 2014}) 17. Ne4 Nxd3 18. Qxd3 h6 19. Nc5 Bxc5 20. Rxc5 Nd8 21. e4 f5 22. exf5 Bxg2 23. Kxg2 exf5 24. Rxf5 (24. Rxa6 Ne6 $17) (24. Bc3 $1 $11) 24... Nc6 25. Bc3 Re6 $1 {Hoping for ...Rbe8.} 26. Rc5 $2 (26. Rxa6 Nb4 $1 $17 {[%mdl 512]}) (26. Re1 $1 $15) 26... Rbe8 $19 {aiming for ...Re3.} 27. Ra2 {Threatening d5.} Re3 28. Qd1 Ne7 (28... Nd8 $1 $19 {[%cal Rd8b7] White must now prevent ...Nb7.} 29. Ba1 Nb7) 29. Qh5 $2 (29. d5 $17 {only move.}) 29... c6 $1 30. Rxa6 {[#]} g6 $2 (30... Kh7 $1 $19 {is more deadly. ...g6 is the strong threat.} 31. h3 b4) 31. Qxh6 $17 {Strongly threatening d5.} Qg4 ({Better is} 31... b4 $1 $15 32. Bxb4 Re2+ 33. Kf3 (33. Kf1 $2 Qxd4 34. Qg7+ Qxg7 $19) 33... Re3+ {[%mdl 64] Double Attack} 34. Kg2 Qxd4) 32. Rg5 $2 {[%mdl 8192]} Re2+ $2 (32... Qf3+ $19 33. Kh3 Qf1+ 34. Kh4 {[#]} Rxg3 $3 {[%mdl 576] Deflection, Decoy} 35. Rxg3 Nf5+ {[%mdl 64] Double Attack} 36. Kg5 Nxh6 37. Kxh6 b4 {[%mdl 64] Discovered Attack} 38. Rxg6+ Kh8) 33. Kg1 $11 {The position is equal.} Qf3 {[%csl Ge2][%cal Rf3g2]} 34. Rxg6+ Nxg6 35. Qxg6+ {[%mdl 64] Double Attack} Kh8 {[%csl Ge2][%cal Rf3g2] Weighted Error Value: White=0.39/Black=0.26} 1/2-1/2

[Event "81st ARM-ch 2021"]
[Site "Yerevan"]
[Date "2021.02.25"]
[Round "9.4"]
[White "Harutyunian, Tigran K."]
[Black "Gabuzyan, Hovhannes"]
[Result "0-1"]
[WhiteElo "2549"]
[BlackElo "2557"]
[Annotator "TA"]
[PlyCount "76"]
[EventDate "2021.02.16"]
[EventType "tourn"]
[EventCountry "ARM"]
[SourceTitle "playchess.com"]
[Source "ChessBase"]
[SourceQuality "1"]

{[%evp 24,76,23,14,30,13,22,14,27,16,38,41,42,44,46,24,30,26,28,12,43,8,8,-23,-31,-96,-99,-194,-176,-162,-173,-278,-306,-398,-405,-613,-593,-822,-825,-878,-812,-1087,-1053,-1510,-1396,-1727,-1620,-1587,-1442,-3501,-2638,-12832,-12833,-12839,-12839]} 1. d4 Nf6 2. Nf3 e6 3. c4 c5 4. e3 cxd4 5. exd4 d5 6. Nc3 Be7 7. cxd5 Nxd5 8. Bd3 Nc6 {[%cal Bb8c6,Bc6e7,Be7f5][%mdl 32]} 9. O-O O-O 10. Re1 Bf6 11. Be4 Nce7 12. Qd3 g6 13. Bh6 Re8 {D42: Queen's Gambit Declined: Semi-Tarrasch: 5 cxd5 Nxd5 6 e3 Nc6 7 Bd3 .} 14. Ne5 Nxc3 15. Qxc3 Nf5 {[#] The position is equal.} 16. Bf4 $146 ({Predecessor:} 16. Bxf5 exf5 17. d5 Bd7 18. Rad1 Ba4 19. b3 Rc8 20. Qg3 Bb5 21. a4 Bd7 22. Nc4 Rxe1+ 23. Rxe1 Bxa4 {1-0 (32) Barbosa,E (2279)-Aranha Filho,A (2292) Santos 2010}) 16... Nd6 17. Qf3 Bg7 18. Rac1 a5 19. Bg3 a4 20. h4 Rf8 21. h5 {[%cal Rh5g6]} Nf5 22. Bxf5 exf5 23. d5 g5 24. h6 (24. Bh2 $15) 24... Bxh6 $17 25. Qh5 (25. Rcd1 $17) 25... Bg7 $19 26. f4 Qxd5 27. Rcd1 (27. a3 {was necessary.}) 27... Qxa2 28. fxg5 {Now Rd4 and White clings on.} Qxb2 29. Nxf7 (29. Qh4 $142 a3 30. g6 hxg6 31. Nxf7 Rxf7 32. Rd8+ Rf8 33. Rxf8+ Bxf8 34. Qc4+ Kg7 35. Be5+ Qxe5 {[%mdl 64] Promotion} 36. Rxe5) 29... Rxf7 {Black is clearly winning.} 30. Re8+ {[#]} Rf8 $1 31. Kh1 Ra6 32. Rdd8 Be6 33. g6 hxg6 34. Qh4 Bf7 35. Rxf8+ Bxf8 36. Bf4 Re6 37. Bh6 Re8 38. Bxf8 Rxf8 {Weighted Error Value: White=1.20/Black=0.04} 0-1

[Event "81st ARM-ch 2021"]
[Site "Yerevan"]
[Date "2021.02.25"]
[Round "9.5"]
[White "Gharibyan, Mamikon"]
[Black "Petrosyan, Manuel"]
[Result "1/2-1/2"]
[WhiteElo "2423"]
[BlackElo "2628"]
[Annotator "TA"]
[PlyCount "154"]
[EventDate "2021.02.16"]
[EventType "tourn"]
[EventCountry "ARM"]
[SourceTitle "playchess.com"]
[Source "ChessBase"]
[SourceQuality "1"]

{[%evp 9,154,11,12,17,18,12,13,8,30,25,6,12,22,11,8,-14,-3,-6,-10,-6,-17,-12,0,-17,10,10,4,-26,-24,-69,-69,-76,-83,-79,0,-27,-25,-25,-42,-43,0,-139,-27,-47,-15,-28,-27,-31,-28,-28,0,-28,-25,-37,0,0,0,0,0,0,0,0,0,0,0,0,0,0,0,0,0,0,15,0,58,52,62,52,66,0,0,0,0,-8,-39,-14,-52,-58,0,-134,-102,-91,-87,-94,-81,-67,-77,-137,-8,-8,-8,-8,-8,-8,-8,-8,-8,-8,-8,-8,-8,-8,-8,-8,-8,-8,0,0,0,-8,-8,-8,0,0,0,0,0,0,0,0,0,0,0,0,0,0,0,0,0,-8,0,-8,0,-8,-8,-8,-8]} 1. d4 Nf6 2. Nf3 d5 3. c4 e6 4. e3 a6 5. b3 c5 6. Bb2 {D30: Queen's Gambit Declined: Systems without Nc3.} Nc6 7. Nbd2 cxd4 8. exd4 g6 9. Bd3 Bg7 10. O-O O-O 11. Ne5 Nd7 {[#]} 12. Re1 $146 ({Predecessor:} 12. Qe2 Qb6 13. Ndf3 Ndxe5 14. dxe5 Bd7 15. Rad1 Ne7 16. h4 Bc6 17. h5 dxc4 18. Bxc4 {1-0 (26) Lupulescu,C (2643)-Ragger,M (2684) Douglas 2019}) 12... Ncxe5 13. dxe5 dxc4 $1 14. Nxc4 b5 $1 {[%cal Rb5c4]} 15. Nd6 {[#]} Nxe5 $1 16. Bf1 (16. Be4 {feels hotter.} Ra7 17. Rc1 Rc7 18. Ba3 Qd7 19. f4) 16... Ng4 17. Bxg7 Kxg7 18. h3 Nf6 19. Qd4 {[#]} Bb7 $1 20. Qe5 Bd5 21. a4 b4 (21... Qb8 $17 {Threatens to win with ...Rd8.} 22. g4 (22. axb5 Rd8 $17) 22... Kg8 $1 23. Qxf6 (23. axb5 axb5 24. Rxa8 Bxa8 $17) 23... Qxd6) 22. Bc4 Bxc4 23. bxc4 Kg8 24. c5 Nd5 25. Ne4 (25. Rad1 $11 {remains equal.}) 25... Qe7 (25... Rc8 $17 26. Rac1 Rc6) 26. a5 f6 27. Qb2 Rac8 28. Rac1 Rc6 29. Nd6 Kg7 30. Qb3 {Qxd5! is the strong threat.} Qd7 31. Re4 f5 32. Re5 Rxc5 33. Ne8+ Rxe8 ({Much weaker is} 33... Qxe8 $6 34. Rxc5 Qd7 35. Qc4 $16) 34. Rxc5 Rc8 35. Rxc8 Qxc8 $11 {[%mdl 4096] Endgame KQR-KQN} 36. Re1 Kf7 37. Qa4 Qb7 38. Qb3 Qc7 39. Qa4 Qb7 40. Qb3 Qb5 41. Qb2 {With the idea Qh8.} Qxa5 ({Black should try} 41... h5 $11) 42. Qh8 $14 Nf6 43. Rc1 {[%mdl 1024] White has compensation.} g5 44. Rc8 ({White should play} 44. Qb8 $1 $14) 44... Qa1+ 45. Kh2 Qe5+ ({Don't go for} 45... Kg6 $2 46. Rg8+ $1 {[%mdl 512]} Nxg8 47. Qxa1 $18) 46. g3 {Strongly threatening Rg8.} f4 47. gxf4 Qxf4+ 48. Kg1 Kg6 (48... a5 $1 $15 49. Rc5 g4 50. hxg4 b3) 49. Rb8 (49. Rc6 $11) 49... g4 50. Rg8+ Nxg8 51. Qxg8+ $17 {[#] KQ-KQ} Kh6 $1 52. Qxe6+ Kg7 $1 {aiming for ...gxh3.} 53. Qe7+ (53. hxg4 $142 a5 54. Kg2) 53... Qf7 (53... Kg6 $17 54. Qe6+ Qf6 55. Qg8+ Qg7 56. Qe6+ Qf6 57. Qg8+ Qg7 58. Qe6+ Kg5 59. Qe3+ Kh5) 54. Qg5+ {The position is equal.} Qg6 55. Qe7+ Kg8 56. Qd8+ Kf7 57. Qd7+ Kf6 58. Qd6+ Kg5 59. Qxb4 gxh3 60. Kh2 Qd3 {Threatening ...Qf5.} 61. Qe7+ Kf4 62. Qh4+ Kf3 {And now ...Qd6+ would win.} 63. Qxh3+ Ke2 64. Qh4 a5 {Hoping for ...Qd6+.} 65. f4 Qf5 {White must now prevent ...a4.} 66. Kg3 Qg6+ (66... a4 {seems wilder.} 67. Qe7+ Kd1 68. Qd8+ Kc2 69. Qd4 Kb3) 67. Qg4+ Ke3 {( -> ...Ke4)} 68. f5 Qd6+ 69. Kh4 Qe5 70. Kh5 a4 {[%mdl 64] Deflection} 71. Qxa4 Qxf5+ 72. Kh4 Qf2+ (72... h6 {is interesting.} 73. Qb3+ Kf4 74. Qb4+ Kf3 75. Qb3+ Kf2) 73. Kh3 Qf3+ 74. Kh2 Qh5+ 75. Kg2 Qf3+ 76. Kh2 Qf4+ 77. Qxf4+ Kxf4 {Weighted Error Value: White=0.17/Black=0.16} 1/2-1/2

[Event "81st ARM-ch 2021"]
[Site "Yerevan"]
[Date "2021.02.25"]
[Round "9.6"]
[White "Babujian, Levon"]
[Black "Petrosian, Tigran L."]
[Result "1-0"]
[WhiteElo "2455"]
[BlackElo "2601"]
[Annotator "TA"]
[PlyCount "83"]
[EventDate "2021.02.16"]
[EventType "tourn"]
[EventCountry "ARM"]
[SourceTitle "playchess.com"]
[Source "ChessBase"]
[SourceQuality "1"]

{[%evp 15,83,39,46,37,59,51,50,60,60,58,118,131,177,180,202,193,188,199,206,184,170,162,194,194,187,154,143,143,123,122,121,119,146,156,150,142,137,141,143,103,196,197,200,200,264,269,268,268,268,258,306,302,299,289,284,215,201,195,237,167,161,104,364,357,350,350,318,308,602,295]} 1. d4 Nf6 2. c4 d6 3. Nc3 e5 4. Nf3 Nbd7 5. e4 Be7 6. Be2 O-O 7. O-O c6 8. b3 Re8 9. d5 {A55: Old Indian Defence with Nf3 and e4.} a6 10. Be3 cxd5 11. cxd5 {[#] White is slightly better.} b5 $146 ({Predecessor:} 11... Ng4 12. Bd2 b5 13. Ne1 Ngf6 14. Nc2 Nc5 15. f3 Nh5 16. b4 Nd7 17. g3 Nhf6 {1-0 (71) Balogh,B (2220)-Sutorikhin,V (2390) Hungary 1993}) 12. Nd2 Bb7 (12... Nb6 $14) 13. b4 $16 Rc8 14. Qb3 Rc7 15. a4 bxa4 16. Rxa4 Qb8 17. Rfa1 (17. Bxa6 Bxa6 18. Rxa6 Rec8) 17... Rec8 18. Nd1 g6 19. h3 ({Don't do} 19. Bxa6 $6 Bxa6 20. Rxa6 Qb5 $16) 19... Kg7 20. Bxa6 Bxa6 21. Rxa6 Qb5 22. Ra7 Rxa7 23. Rxa7 Qe2 {And now ...Rc1 would win.} 24. Nc3 Qd3 25. Ra3 Bd8 {[#]} 26. Qb1 $1 $36 {[%mdl 2048] White is on the roll.} Qxb1+ 27. Ndxb1 Nb6 {[#]} (27... Rc4 $16) 28. Ra6 $1 $18 Nfd7 29. Nb5 Rc4 30. Nxd6 Rxb4 31. Nc3 Be7 32. Ncb5 Bxd6 33. Nxd6 Nc4 34. Nxc4 Rxc4 {[%mdl 4096] Endgame KRB-KRN} 35. f3 Rc7 36. Kh2 f6 37. Rc6 Rb7 38. d6 (38. Bc1 $18) 38... Rb3 $2 {[%mdl 8192] [#] This costs Black the game.} (38... Rb8 $16) 39. Rc7 $1 Rxe3 40. Rxd7+ Kh6 {[#]} 41. Rf7 $1 Kg5 $2 (41... Rd3 42. Rxf6 Kg7) 42. Kg3 {Weighted Error Value: White=0.11/Black=0.34} (42. d7 $142 Rd3 43. Kg3) 1-0

[Event "81st ARM-ch 2021"]
[Site "Yerevan"]
[Date "2021.02.26"]
[Round "10.1"]
[White "Petrosyan, Manuel"]
[Black "Petrosian, Tigran L."]
[Result "1/2-1/2"]
[WhiteElo "2628"]
[BlackElo "2601"]
[Annotator "TA"]
[PlyCount "92"]
[EventDate "2021.02.16"]
[EventType "tourn"]
[EventCountry "ARM"]
[SourceTitle "playchess.com"]
[Source "ChessBase"]
[SourceQuality "1"]

{[%evp 29,92,43,56,62,70,44,45,18,18,26,24,33,25,9,7,10,9,12,12,0,0,0,2,5,4,5,3,3,11,0,0,0,0,0,0,0,6,6,6,0,0,0,0,0,0,0,0,0,0,0,0,0,0,0,0,0,0,0,0,0,0,0,0,0,0]} 1. d4 d6 2. Nf3 g6 3. c4 Bg7 4. Nc3 c5 5. e4 cxd4 6. Nxd4 Nc6 7. Be3 Nf6 8. Be2 O-O 9. O-O Nxd4 10. Bxd4 Bd7 11. Qd2 Bc6 12. f3 a5 13. Rab1 Nd7 14. Bf2 Nc5 15. b3 f5 16. exf5 $1 {B38: Sicilian: Maroczy Bind with 5...Bg7 and 7...0-0.} Rxf5 17. Nb5 {[#]} Ne6 $146 ({Predecessor:} 17... Bxb5 18. cxb5 Kh8 19. Rfe1 Qf8 20. Bc4 b6 21. Bd5 Rd8 22. a3 Qf6 23. b4 Qc3 24. Qxc3 Bxc3 {1-0 (56) Mareco,S (2598)-Henriquez Villagra,C (2474) Asuncion 2015}) 18. Nd4 {White is slightly better.} Nxd4 19. Bxd4 Bxd4+ 20. Qxd4 Qf8 21. c5 (21. Bd3 {keeps more tension.} Rf4 22. Qe3 Qf6 23. Rfe1 e5 24. Rbd1) 21... Qf6 {The position is equal.} 22. Qxf6 Rxf6 23. Rbc1 Kf8 24. a3 Rd8 25. Rfd1 Ke8 26. Kf2 dxc5 27. Rxd8+ Kxd8 28. Rxc5 $11 {[%mdl 4096] Endgame KRB-KRB} b6 29. Re5 Kd7 30. g3 Kd6 31. f4 Bd5 32. h4 Rf5 33. Rxf5 gxf5 {KB-KB} 34. b4 axb4 35. axb4 e5 36. Ke3 h6 37. Bd1 Ke6 38. Ba4 Bg2 39. Bb3+ Kd6 40. Bc4 Bh3 41. Ba6 Bg4 42. Bb7 e4 43. Kd4 Kc7 44. Ba6 Kd6 45. Bb5 Ke6 46. Bc4+ Kd6 {Weighted Error Value: White=0.04/Black=0.01} 1/2-1/2

[Event "81st ARM-ch 2021"]
[Site "Yerevan"]
[Date "2021.02.26"]
[Round "10.2"]
[White "Sargsyan, Shant"]
[Black "Harutyunian, Tigran K."]
[Result "1-0"]
[WhiteElo "2596"]
[BlackElo "2549"]
[Annotator "TA"]
[PlyCount "77"]
[EventDate "2021.02.16"]
[EventType "tourn"]
[EventCountry "ARM"]
[SourceTitle "playchess.com"]
[Source "ChessBase"]
[SourceQuality "1"]

{[%evp 9,77,26,19,22,24,16,65,14,15,20,35,0,24,24,25,30,23,23,22,23,16,0,0,0,22,22,17,0,47,19,45,45,45,41,70,70,67,47,73,66,81,78,71,71,77,71,95,83,89,75,81,77,91,68,157,175,163,160,171,173,230,223,220,216,1968,1828,1720,1663,29972,29972]} 1. e4 c5 2. Nf3 Nc6 3. Bb5 e5 4. O-O Bd6 5. d4 {[#]} Nxd4 $146 ({Predecessor:} 5... exd4 6. c3 a6 7. Bc4 b5 8. e5 Bc7 9. Bd5 Nge7 10. Bg5 h6 11. Bxe7 Qxe7 12. cxd4 cxd4 {½-½ (45) Grischuk,A (2777)-Carlsen,M (2863) chess24.com INT 2020}) 6. Bc4 {B30: Sicilian: 2...Nc6 3 Bb5, lines without ...g6.} Nxf3+ 7. Qxf3 {[%csl Gc4][%cal Rf3f7] [#]} Nf6 8. Rd1 ({White should play} 8. Qg3 $14 O-O 9. Nc3) 8... Be7 $11 9. Bg5 O-O 10. Nc3 {[%cal Bb1c3,Bc3d5,Bd5b6,Bb6c4][%mdl 32]} (10. Bxf6 $5 Bxf6 11. Nc3 $11) 10... a6 11. a4 d6 {Black wants to play ...Bg4.} 12. Bxf6 Bxf6 13. Qd3 Be7 14. Nd5 Bg5 15. Qb3 Rb8 16. Nb6 Be7 17. Rd3 Bg4 18. a5 Be2 19. Rd2 Bxc4 20. Nxc4 Qc7 21. Rad1 {[%mdl 1024] White has compensation.} Rfd8 22. Rd5 Qc6 23. Qd3 Kf8 24. Kf1 Qb5 25. b3 Rbc8 26. Ke2 h6 27. g3 Qb4 28. h4 Kg8 29. h5 Re8 30. Kf3 Bf8 31. Qd2 Qb5 (31... Re6 $14) 32. Nxd6 $16 Bxd6 33. Rxd6 {And now Rb6 would win.} Rc6 {[#]} 34. Rxc6 Qxc6 (34... bxc6 $142 35. Qc3 f6) 35. Qd7 $18 Qf6+ 36. Kg2 Re7 (36... Qe7 37. Qxe7 Rxe7 38. Rd8+ Kh7) 37. Qd8+ Kh7 38. Qf8 {White threatens Rd8 and mate.} g6 39. Rd8 {[%csl Gd8][%cal Rf8g8] Weighted Error Value: White=0.08/Black=0.37} 1-0

[Event "81st ARM-ch 2021"]
[Site "Yerevan"]
[Date "2021.02.26"]
[Round "10.3"]
[White "Gabuzyan, Hovhannes"]
[Black "Babujian, Levon"]
[Result "0-1"]
[WhiteElo "2557"]
[BlackElo "2455"]
[Annotator "TA"]
[PlyCount "122"]
[EventDate "2021.02.16"]
[EventType "tourn"]
[EventCountry "ARM"]
[SourceTitle "playchess.com"]
[Source "ChessBase"]
[SourceQuality "1"]

{[%evp 12,122,-21,-13,-23,-19,-23,-49,-19,-31,-21,-22,-35,-34,-31,-47,-40,-26,-13,-20,-33,-25,-22,-37,-35,-32,-28,-27,-31,-54,-52,-52,-52,-58,-54,-83,-24,-54,-8,-8,-8,-9,-8,-21,-8,-25,-21,-30,-8,-34,-33,-33,-24,-25,-24,-67,-54,-62,-25,-25,-25,-80,-25,-87,-66,-73,-66,-226,-226,-226,-69,-73,-79,-66,-55,-53,-54,-58,-54,-54,-26,-26,-26,-100,-100,-122,-122,-136,-114,-316,-325,-323,-325,-324,-317,-448,-432,-399,-383,-376,-376,-360,-360,-405,-376,-360,-409,-1023,-970,-965,-963,-900,-887]} 1. c4 e5 2. g3 Nf6 3. Bg2 c6 4. d3 d5 5. cxd5 cxd5 6. Nf3 Nc6 7. O-O Be7 {A11: English Opening: 1...c6.} 8. Bg5 O-O 9. Nc3 Be6 {Black is slightly better.} (9... d4 $5 {[%cal Rd4c3]} 10. Bxf6 gxf6 $15) 10. Rc1 Rc8 11. a3 h6 12. Bxf6 Bxf6 {[#]} 13. e4 $146 ({Predecessor:} 13. Nd2 Qd7 14. Qa4 Rfd8 15. Nf3 a6 16. Rfe1 Be7 17. e4 dxe4 18. dxe4 Bc5 19. Red1 {½-½ (61) Mamedov,R (2660)-Rublevsky,S (2683) Khanty-Mansiysk 2010}) 13... dxe4 14. dxe4 Qb6 15. b4 Nd4 16. Nxd4 exd4 17. Nd5 Bxd5 18. exd5 Rc3 19. Rxc3 dxc3 20. Re1 a5 21. bxa5 Qxa5 {White must now prevent ...c2.} 22. Qb3 Qc5 23. Re2 Bd4 (23... g6 $17 24. Qb4 Qxb4 25. axb4 Rc8) 24. Qb4 Ra8 25. Qxb7 Qxa3 26. Be4 Rd8 27. Bc2 g6 28. Bb3 {White wants to play d6!} Qd6 29. Qc6 Qb8 (29... Qb4 $5 {[%cal Rb4b3]} 30. Bc2 Qc5 $15) 30. Qa4 Qb6 31. Kg2 Kg7 32. Qc4 Bf6 33. Re3 Rb8 34. Bc2 Qd8 35. h4 h5 36. Rf3 (36. Re4 $11) 36... Rb6 (36... Rb2 $17 37. Bd1 Qb6) 37. Be4 (37. Rf4 $11) 37... Qe7 {aiming for ...Rb4.} 38. Bd3 Rb2 39. Qc6 $2 {[#]} ({White should play} 39. Rf4 $15) 39... Be5 $1 $19 40. Qc4 Qd6 $2 (40... Qc7 $19 41. Qxc7 Bxc7 42. Bxg6 fxg6 43. Rxc3 Bb6) 41. Re3 $1 $15 {[#]} Qb6 $1 {( -> ...Qxe3)} 42. Re2 (42. Qe4 Bf6) 42... Bd4 43. Bc2 Bf6 44. Qe4 Rb4 45. Qf3 Qc5 46. Re4 Rb6 47. Re2 (47. Qd3 $11) 47... Rd6 $17 48. Be4 Bd4 49. Qd3 Rb6 $36 {[%mdl 2048] Black has strong initiative.} 50. Qf3 $2 {[#]} (50. Ra2 $17 {was necessary.}) 50... Rf6 $1 $19 {[%cal Rf6f3]} 51. Qd3 Bxf2 ({Less strong is} 51... Rxf2+ 52. Rxf2 Bxf2 53. d6 $17) 52. Bf3 Bd4 53. Qe4 (53. Be4 $142) 53... Ra6 54. Rc2 Bf6 55. Qe1 Ra4 56. Qf2 Qd6 57. Qe1 Rb4 58. Qc1 Qb6 {Hoping for ...Rb1.} 59. Rf2 (59. Qg1 $142 Bd4 60. Qe1) 59... Rb1 {Black is clearly winning.} 60. Qf4 {[#]} Qxf2+ $3 {[%mdl 576] Promotion} 61. Kxf2 c2 {Weighted Error Value: White=0.28/Black=0.12} 0-1

[Event "81st ARM-ch 2021"]
[Site "Yerevan"]
[Date "2021.02.26"]
[Round "10.4"]
[White "Hovhannisyan, Robert"]
[Black "Pashikian, Arman"]
[Result "1-0"]
[WhiteElo "2642"]
[BlackElo "2606"]
[Annotator "TA"]
[PlyCount "101"]
[EventDate "2021.02.16"]
[EventType "tourn"]
[EventCountry "ARM"]
[SourceTitle "playchess.com"]
[Source "ChessBase"]
[SourceQuality "1"]

{[%evp 15,101,18,19,16,12,12,18,16,20,16,11,12,12,0,0,0,0,-9,0,0,5,23,37,-18,-6,-27,-22,-26,-27,-28,55,49,50,25,39,59,249,246,201,210,193,222,397,397,361,329,554,532,514,538,522,551,460,545,541,502,516,504,460,432,425,399,408,389,531,510,528,486,730,738,1099,1099,1899,1231,1147,1029,29965,29966,29973,29966,29973,29974,29976,29977,29977,29978,29976,29977]} 1. e4 e5 2. Nf3 Nc6 3. Bb5 Nf6 4. O-O Nxe4 5. Re1 Nd6 6. Nxe5 Be7 7. Bf1 Nxe5 8. Rxe5 O-O 9. Nc3 {[%cal Bb1c3,Bc3d5,Bd5e3,Be3f5,Bf5d6][%mdl 32] C67: Ruy Lopez: Berlin Defence: 4 0-0 Nxe4.} Ne8 10. Nd5 Bd6 11. Re1 {The position is equal.} c6 12. Ne3 Be7 13. c4 Nc7 14. Nf5 $5 {[%mdl 4] Leaves trodden paths.} Bf6 15. Nd6 {[#]} Bd4 $146 ({Predecessor:} 15... Ne6 16. d3 Qc7 17. Nxc8 Raxc8 18. g3 Rfe8 19. Rb1 g6 20. Bg2 a5 21. a3 h5 {1-0 (51) Nakamura,H (2777)-Grischuk,A (2766) Saint Louis 2018}) 16. Qg4 Qf6 17. Qg3 Bxf2+ 18. Qxf2 Qxd6 19. c5 ({White should try} 19. d4 $14 Ne6 20. Be3) 19... Qg6 $11 20. a4 d6 21. Ra3 {[%cal Ba1a3,Ba3g3,Bg3g5,Bg5d5,Bd5d8][%mdl 32]} dxc5 22. d4 Re8 ({Black should play} 22... Nd5 $11) 23. Bf4 $1 $14 {[%cal Rf4c7]} Rxe1 24. Qxe1 Ne6 {[%mdl 64] [#] And now ...Bd7 would win. Double Attack} 25. Rg3 $1 {[%cal Rg3g6]} Qh5 {[#] This move loses the game for Black.} ({Better is} 25... Qf6 $14 26. Be5 Qd8 27. dxc5 g6) 26. d5 $1 $40 {[%mdl 128] White wants a kill.} cxd5 {[#]} 27. Rg5 $3 {[%cal Rg5h5][%mdl 512]} Qh6 {Threatens to win with ...g6.} 28. Rxd5 {[%mdl 64] Discovered Attack} Qxf4 $2 {[#]} (28... g5 {is a better defense.} 29. Be5 a6) 29. Rd8+ $1 {[%mdl 512]} Nf8 {...g6 is the strong threat.} 30. Qe7 {[%csl Ge7][%cal Rd8f8]} h5 $2 (30... Qd4+ 31. Rxd4 cxd4) 31. Rxf8+ Kh7 32. Bd3+ Bf5 33. Bxf5+ Qxf5 34. Rxa8 Qb1+ 35. Kf2 Qxb2+ 36. Qe2 Qd4+ 37. Kf1 {[%cal Re2h5]} Qa1+ {[#]} 38. Qe1 $1 {[%cal Re1a1]} Qxa4 39. Re8 ({Weaker is} 39. Qb1+ Kh6 $18) 39... f5 40. Re5 Qf4+ 41. Kg1 c4 (41... b6 $142 42. Qc3 Qg5) 42. Qe3 Qg4 43. h3 Qd1+ 44. Kh2 Qd6 45. Qf4 c3 46. Qxf5+ {[%mdl 64] Double Attack. White mates.} g6 47. Qe6 Qxe6 48. Rxe6 b5 49. Re7+ Kh6 50. Rxa7 b4 51. Rc7 {Weighted Error Value: White=0.04/Black=0.51} 1-0

[Event "81st ARM-ch 2021"]
[Site "Yerevan"]
[Date "2021.02.26"]
[Round "10.5"]
[White "Gharibyan, Mamikon"]
[Black "Ter-Sahakyan, Samvel"]
[Result "1/2-1/2"]
[WhiteElo "2423"]
[BlackElo "2640"]
[Annotator "TA"]
[PlyCount "111"]
[EventDate "2021.02.16"]
[EventType "tourn"]
[EventCountry "ARM"]
[SourceTitle "playchess.com"]
[Source "ChessBase"]
[SourceQuality "1"]

{[%evp 12,111,51,42,35,38,48,51,56,17,14,0,35,25,30,20,14,16,25,7,2,-6,0,0,0,0,8,0,26,34,38,29,26,29,41,39,22,12,14,6,39,33,41,36,82,79,77,78,70,30,30,33,50,51,93,68,83,55,82,0,0,0,37,0,0,0,100,48,48,48,111,116,106,104,95,115,155,104,97,0,0,0,0,0,112,114,61,0,0,0,0,0,0,0,0,0,0,0,0,0,0,0]} 1. d4 Nf6 2. Nf3 d5 3. c4 e6 4. Nc3 c5 5. cxd5 exd5 6. Bg5 Be6 7. e3 c4 $1 {[%mdl 4] is now more promising than 7...Nc6. D32: Tarrasch Defence: Sidelines and lines without g3.} 8. Be2 Nbd7 9. O-O {[#]} h6 $146 {White is slightly better.} ({Predecessor:} 9... Be7 10. Nd2 h6 11. Bh4 Qb6 12. Qc2 g6 13. Rad1 Rc8 14. f3 Qc6 15. e4 b5 16. exd5 Nxd5 17. Nxd5 Bxh4 {0-1 (31) Biliskov,V (2297)-Ljubicic,F (2414) Split 2009}) 10. Bh4 Bb4 11. e4 Bxc3 12. exd5 $1 Bxd5 ({Much weaker is} 12... Bxb2 13. dxe6 fxe6 14. Rb1 $16) 13. bxc3 O-O 14. Ne5 Qc7 15. Nxd7 Nxd7 16. Qd2 Qc6 17. f3 b5 18. Bd1 Rfe8 19. Bc2 Nf8 20. a4 a6 21. Bg3 Qd7 22. h4 $36 {[%mdl 2048] White fights for an advantage.} Bc6 23. axb5 axb5 24. Kh2 Ne6 25. Rad1 Bd5 26. Rfe1 Nf8 27. Re5 f6 {[#]} 28. Bf5 $1 Qc6 (28... Qf7 29. Rxe8) 29. Rxe8 Rxe8 30. Re1 Rxe1 31. Qxe1 Be6 32. Bc2 Bf7 33. Qe7 Qd7 34. Qc5 Bg6 35. Be4 (35. Bxg6 $16 Nxg6 36. d5) 35... Bxe4 $11 36. fxe4 Kf7 37. Bd6 Qg4 38. Qd5+ Qe6 {[#]} (38... Ne6 $11 {keeps the balance.}) 39. Qb7+ (39. Qxe6+ $1 $16 Nxe6 40. Kg3) 39... Qd7 $1 $14 {[%cal Rd7b7]} 40. Qb8 Ng6 (40... Nh7 $14) 41. h5 $16 Ne7 42. Bxe7 Kxe7 {[%mdl 4096] Endgame KQ-KQ} 43. Kg3 Kf7 44. Kf4 (44. Kf3 $142) 44... Qc6 45. Ke3 (45. g3 $16) 45... Qa6 $1 $11 46. Qc7+ Kg8 47. Kf4 Qa1 {[#]} (47... Qa2 $11 {remains equal.} 48. Qc8+ Kh7) 48. Kf5 $1 $16 {[%cal Rf5g6] White wants to mate with Kg6.} Qd1 ({And not} 48... Qxc3 49. Kg6 Qg3+ 50. Qxg3 Kf8 51. Qd6+ Ke8 52. Kxg7 f5 53. Kf6 fxe4 54. Qe7#) (48... Qh1 $16) 49. Qc8+ ({Better is} 49. Ke6 $14) 49... Kh7 $11 {The position is equal.} 50. Qe8 b4 51. d5 bxc3 (51... b3 $5) 52. Qg6+ Kg8 {...Qa4 is the strong threat.} 53. Qe8+ Kh7 54. Qg6+ Kg8 {aiming for ...Qa4.} 55. Qe8+ Kh7 56. Qg6+ {Weighted Error Value: White=0.10/Black=0.15} 1/2-1/2